00323 a2200121 4500020001500000082001800015100002000033245004100053250001200094260003700106300003300143650002500176 a0071158979 a620.11233 CHA aChakrabarty, J. aTheory of PlasticitycJ. Chakrabarty a2nd ed. aSingapore :bMc Graw Hill,c1998 avii, 804p. :bill . ;c26 cm aTheory of Plasticity